| 000 | 00958nam a22002297a 4500 | ||
|---|---|---|---|
| 999 |
_c17725 _d17725 |
||
| 003 | AR-CdUCM | ||
| 008 | 190430b ||||| |||| 00| 0 spa d | ||
| 040 |
_aMUNICIPALIDAD PROVINCIAL DEL CUSCO _cBIBLIOTECA MUNICIPAL DEL CUSCO |
||
| 082 |
_a334 / _bA59 |
||
| 100 |
_aAngueira Miranda, Miguel Angel _935152 |
||
| 245 | _aCarácter revolucionario del cooperativismo / | ||
| 260 |
_aBuenos Aires : _bIntercoop, _c1960. |
||
| 300 |
_a142 páginas ; _c19 cm. |
||
| 440 |
_aCuadernos de cultura cooperativa ; _935153 |
||
| 505 | _aContenido: Síntesis histórico de la idea de cooperación -- El método cooperativo y su alta misión social -- Los siete pilares del método cooperativo -- El cooperativismo y la cuestión agraria -- Medios de información y educación cooperativa. | ||
| 650 |
_aEconomia _9382 |
||
| 650 |
_aCooperativismo _97805 |
||
| 650 |
_aCapitalismo _93221 |
||
| 650 |
_aEstado _9738 |
||
| 942 |
_2ddc _cLIBROS |
||
| 945 |
_aacv _d2019-05-09 |
||